Methods on analysis of soils,plants,waters and fertilizers (Record no. 40602)

MARC details
000 -LEADER
fixed length control field 00364nam a2200133Ia 4500
082 ## - DEWEY DECIMAL CLASSIFICATION NUMBER
Classification number 631.4:005
Item number TAN
100 ## - MAIN ENTRY--AUTHOR NAME
Personal name Tandon, H L S
245 #0 - TITLE STATEMENT
Title Methods on analysis of soils,plants,waters and fertilizers
260 ## - PUBLICATION, DISTRIBUTION, ETC. (IMPRINT)
Place of publication Delhi
Name of publisher FDCA
Year of publication 1993
650 ## - SUBJECT ADDED ENTRY--TOPICAL TERM
Topical Term Fertilizer analysis
650 ## - SUBJECT ADDED ENTRY--TOPICAL TERM
Topical Term Water analysis
942 ## - ADDED ENTRY ELEMENTS (KOHA)
Koha item type Books
Holdings
Withdrawn status Lost status Damaged status Not for loan Home library Current library Date acquired Cost, normal purchase price Full call number Accession Number Koha item type
        RRII Library RRII Library 16/12/2021 200.00 631.4:005 TAN 20900 Books